Recherches sur l'histoire juridique, economique et sociale de l'ancienne Egypte : /

محفوظ في:

المؤلف الرئيسي: Menu, Bernadette

التنسيق: كتاب

اللغة: Undetermined

منشور في: Versailles : B. Menu, 1982.

سلاسل: v. 2:bibliotheque d'etude, 02593823; 122

الموضوعات:

الوسوم: إضافة وسم

لا توجد وسوم, كن أول من يضع وسما على هذه التسجيلة!

رقم الطلب: KL2806.5 .M46

LEADER 00725nam a2200181Ia 4500
008 220401s9999||||xx |||||||||||||| ||und||
020 |a 2903971013 
050 4 |a KL2806.5 .M46 
100 1 |a Menu, Bernadette 
245 1 0 |a Recherches sur l'histoire juridique, economique et sociale de l'ancienne Egypte :  |b  /  |c Bernadette Menu. 
264 1 |a Versailles :  |b B. Menu,  |c 1982. 
300 |a 2v. :  |b ill. ;  |c 24-28cm. 
490 0 |a v. 2:bibliotheque d'etude, 02593823; 122 
500 |a includes bibliographical references and indexes. 
650 1 4 |a Law Egypt History. 
942 |2 lcc  |c BK 
952 |0 0  |1 0  |2 lcc  |4 0  |6 KL28065 M46  |7 1  |9 39274  |a ARCE  |b ARCE  |d 2022-04-01  |l 0  |o KL2806.5 .M46  |p 1001331  |r 2022-04-01 00:00:00  |w 2022-04-01  |y BK 
999 |c 46855  |d 46855